| 000 | 01182cam a22003011i 4500 | ||
|---|---|---|---|
| 003 | SA-RiAUC | ||
| 005 | 20250515072939.0 | ||
| 008 | 250513s2006 su g b 00010 ara c | ||
| 040 |
_aSA-MaUQU _bara _cSA-RiAUC _erda |
||
| 050 | 4 | _b.S85 2006 | |
| 082 | 0 | 4 |
_a330.121 _qSA-RiAUC |
| 090 |
_a330.121 _b س ل ط |
||
| 100 | 1 |
_aالسلطان، صالح بن محمد بن سليمان _eمؤلف. |
|
| 245 | 1 | 2 |
_aالأسهم : _bحكمها وآثارها / _cصالح بن محمد بن سليمان السلطان. |
| 250 | _aالطبعة الأولى. | ||
| 264 | 1 |
_aجدة، السعودية : _bدار ابن الجوزي، _c2006 |
|
| 300 |
_a143 صفحة ؛ _c24 سم. |
||
| 336 |
_aنص _btxt _2rdacontent _3كتاب |
||
| 337 |
_aبدون وسيط _bn _2rdamedia |
||
| 338 |
_aمجلد _bnc _2rdacarrier |
||
| 490 | 0 |
_aسلسلة بحوث محكمة ؛ _v16 |
|
| 504 | _aببليوجرافية : صفحة 136-141. | ||
| 650 | 7 |
_aالأسهم (فقه إسلامي) _2aucsh |
|
| 650 | 7 |
_aالبورصات (فقه إسلامي) _2aucsh |
|
| 650 | 7 |
_aالاقتصاد الإسلامي _2aucsh |
|
| 942 |
_2ddc _cBOOK _n0 |
||
| 949 |
_aSA-JeALM _d250513 _uosman123 _n1 |
||
| 999 |
_c7941 _d7941 |
||